Gerhard Richter : (Record no. 5814)

MARC details
000 -LEADER
fixed length control field 01360cam a2200349 i 4500
001 - CONTROL NUMBER
control field 890024
003 - CONTROL NUMBER IDENTIFIER
control field OSt
005 - DATE AND TIME OF LATEST TRANSACTION
control field 20260429091428.0
008 - FIXED-LENGTH DATA ELEMENTS--GENERAL INFORMATION
fixed length control field 800401s1979 enkacf bc 000 0 eng
010 ## - LIBRARY OF CONGRESS CONTROL NUMBER
LC control number 80460105
015 ## - NATIONAL BIBLIOGRAPHY NUMBER
National bibliography number GB79-11933
020 ## - INTERNATIONAL STANDARD BOOK NUMBER
International Standard Book Number 0944219128
Terms of availability £4.00
035 ## - SYSTEM CONTROL NUMBER
System control number 890024
040 ## - CATALOGING SOURCE
Original cataloging agency DLC
Transcribing agency Foundation University
050 00 - LIBRARY OF CONGRESS CALL NUMBER
Classification number ND 588.R8
Item number 2008 G47
100 1# - MAIN ENTRY--PERSONAL NAME
Personal name Richter, Gerhard,
Dates associated with a name 1932-
9 (RLIN) 15697
245 00 - TITLE STATEMENT
Title Gerhard Richter :
Remainder of title abstract paintings.
260 ## - PUBLICATION, DISTRIBUTION, ETC.
Place of publication, distribution, etc. [London] :
Name of publisher, distributor, etc. Whitechapel Art Gallery],
Date of publication, distribution, etc. 2008
264 ## - PRODUCTION, PUBLICATION, DISTRIBUTION, MANUFACTURE, AND COPYRIGHT NOTICE
Copyright Date 2008
300 ## - PHYSICAL DESCRIPTION
Extent 21, [2] p., [18] leaves of plates :
Other physical details chiefly ill. (chiefly col.), ports. ;
Dimensions 27 cm.
Materials specified books
Type of unit books
336 ## - CONTENT TYPE
Content type term text
Content type code txt
Source rdacontent
Materials specified books
337 ## - MEDIA TYPE
Media type term unmediated
Media type code n
Source rdamedia
Materials specified books
338 ## - CARRIER TYPE
Carrier type term volume
Carrier type code nc
Source rdacarrier
Materials specified books
500 ## - GENERAL NOTE
General note Catalog of an exhibition held at the Municipal Van Abbemuseum, Einhoven and at the Whitechapel Art Gallery, London.
504 ## - BIBLIOGRAPHY, ETC. NOTE
Bibliography, etc. note Includes bibliographical references.
600 10 - SUBJECT ADDED ENTRY--PERSONAL NAME
Personal name Richter, Gerhard,
Dates associated with a name 1932-
General subdivision Exhibitions.
9 (RLIN) 15698
710 2# - ADDED ENTRY--CORPORATE NAME
Corporate name or jurisdiction name as entry element Stedelijk Van Abbemuseum.
9 (RLIN) 15699
710 2# - ADDED ENTRY--CORPORATE NAME
Corporate name or jurisdiction name as entry element Whitechapel Art Gallery.
9 (RLIN) 13300
906 ## - LOCAL DATA ELEMENT F, LDF (RLIN)
a 7
b cbc
c orignew
d 4
e ncip
f 19
g y-gencatlg
942 ## - ADDED ENTRY ELEMENTS (KOHA)
Source of classification or shelving scheme Library of Congress Classification
Koha item type Books
Classification part ND 588.R48
Item part .2008 G47
Call number prefix (DAFA-FA)
Holdings
Withdrawn status Lost status Source of classification or shelving scheme Damaged status Not for loan Collection code Home library Current library Shelving location Date acquired Source of acquisition Total Checkouts Full call number Barcode Date last seen Price effective from Koha item type Accession Number
    Library of Congress Classification     Non-fiction Foundation University Library Foundation University Library DoArchitecture & Fine Arts 04/29/2026 Donations   (DAFA-FA) ND 588.R48 .2008 G47 0192026003361 04/29/2026 04/29/2026 Books DAFA-2026361